000 00644nam a2200277Ia 4500
005 20260324151006.0
008 008 260324s9999 xx 000 0 eng d
020 _a9780203552001
037 _aEBOOK
040 _aCRL
040 _beng
040 _cCRL
041 _2eng
041 _aeng
084 _qCRL
100 _aJ.A. Hobson
_91165208
245 0 _aProblems of a New World (Routledge Revivals)
260 _bTaylor and Francis
260 _c1921
365 _a
365 _b290
856 _uhttp://www.taylorfrancis.com/books/9780203552001
942 _cEBOOK
999 _c1838725
_d1838725